Semi-conductors / (Record no. 182293)
[ view plain ]
| 000 -LEADER | |
|---|---|
| fixed length control field | 00756 a2200181 4500 |
| 003 - CONTROL NUMBER IDENTIFIER | |
| control field | Nust |
| 005 - DATE AND TIME OF LATEST TRANSACTION | |
| control field | 20221130093925.0 |
| 040 ## - CATALOGING SOURCE | |
| Transcribing agency | Nust |
| 082 ## - DEWEY DECIMAL CLASSIFICATION NUMBER | |
| Classification number | 621.38152,WRI |
| 100 ## - MAIN ENTRY--PERSONAL NAME | |
| Personal name | D. A. Wright. |
| 9 (RLIN) | 103806 |
| 245 ## - TITLE STATEMENT | |
| Title | Semi-conductors / |
| Statement of responsibility, etc. | D. A. Wright |
| 260 ## - PUBLICATION, DISTRIBUTION, ETC. | |
| Place of publication, distribution, etc. | Methuen |
| Name of publisher, distributor, etc. | London, |
| Date of publication, distribution, etc. | 1966 |
| 300 ## - PHYSICAL DESCRIPTION | |
| Extent | ix, 134 p |
| Other physical details | illus |
| Dimensions | 19 cm |
| 505 ## - FORMATTED CONTENTS NOTE | |
| Formatted contents note | Electrons and Metals (Page-1), Electrons in Crystals (Page-24), Electron Emission From Semi-Conductors (Page-51), Determination of Electron Density in Semi-Conductors (Page-69), Secondary Emission (Page-78), Metal-Semi-Conductor Contacts (Page-98), Thermionic Cathodes (Page-114), Photo-Electric Cathodes (Page-128). |
| 600 ## - SUBJECT ADDED ENTRY--PERSONAL NAME | |
| Personal name | D. A. Wright |
| 9 (RLIN) | 103807 |
| 650 ## - SUBJECT ADDED ENTRY--TOPICAL TERM | |
| Topical term or geographic name entry element | Semi-conductors |
| 9 (RLIN) | 103808 |
| 942 ## - ADDED ENTRY ELEMENTS (KOHA) | |
| Source of classification or shelving scheme | |
| Koha item type | Book |
| Withdrawn status | Lost status | Source of classification or shelving scheme | Damaged status | Not for loan | Permanent Location | Current Location | Shelving location | Date acquired | Full call number | Barcode | Date last seen | Price effective from | Koha item type | Public note |
|---|---|---|---|---|---|---|---|---|---|---|---|---|---|---|
| Military College of Signals (MCS) | Military College of Signals (MCS) | General Stacks | 12/12/2016 | 621.38152,WRI | MCS21961 | 12/08/2016 | 12/12/2016 | Book | Almirah No.33, Shelf No.4 |
